[Event "5th Nana Aleksandria Cup"]
[Site "Poti GEO"]
[Date "2010.07.15"]
[Round "5"]
[White "Bokuchava,M"]
[Black "Anakidze,N"]
[Result "1/2-1/2"]
[WhiteElo "2120"]
[BlackElo "1965"]

1.d4 Nf6 2.Bg5 Ne4 3.Bf4 d5 4.e3 c5 5.Bd3 Nf6 6.c3 e6 7.Nf3 Nc6 8.O-O Be7
9.h3 O-O 10.Nbd2 c4 11.Bc2 b5 12.e4 b4 13.Ne5 Bb7 14.Nxc6 Bxc6 15.e5 Nd7
16.Qg4 Re8 17.Bh6 Bf8 18.cxb4 f5 19.exf6 Nxf6 20.Qg3 Qb8 21.Bf4 Qxb4 22.Rab1 Ba4
23.a3 Qa5 24.Bc7 Qa6 25.Bxa4 Qxa4 26.Be5 Nd7 27.Bf4 Nf6 28.Be5 Nd7 29.Bf4 Nf6  1/2-1/2

[Event "XII Open"]
[Site "Sant Marti ESP"]
[Date "2010.07.15"]
[Round "3"]
[White "Collado Pallas,D"]
[Black "Martinez Duany,L"]
[Result "0-1"]
[WhiteElo "2124"]
[BlackElo "2510"]

1.d4 Nf6 2.Bg5 Ne4 3.Bh4 d5 4.Nd2 Bf5 5.f3 Nxd2 6.Qxd2 Qd7 7.e3 e6 8.g4 Bg6
9.Ne2 Nc6 10.c3 e5 11.Bg2 h5 12.g5 exd4 13.exd4 Bd6 14.Nf4 Bxf4 15.Qxf4 O-O
16.O-O Bf5 17.Bg3 Rac8 18.Qh4 g6 19.Rfe1 Rfe8 20.Qf4 Bh3 21.Rxe8+ Rxe8 22.Re1 Rxe1+
23.Bxe1 Bxg2 24.Kxg2 Qe7 25.Kf2 Nd8 26.Bd2 Ne6 27.Qe5 Qd7 28.b3 b6 29.Be3 c6
30.c4 Qc7 31.f4 b5 32.cxd5 cxd5 33.Kf3 Qxe5 34.fxe5 Kf8 35.b4 Ke7 36.h4 Kd7
37.Bf2 Kc6 38.Ke3 Kd7 39.Kf3 Ng7 40.Kf4 Ke6 41.Be1 Nf5 42.Bf2 a6 43.Kf3 Ne7
44.Kf4 Nc6 45.a3 Ne7 46.Be1 Nc8 47.Bd2 Nb6 48.Be3 Na4 49.Bd2 Nb2 50.Kf3 Kf5
51.Be3 Ke6 52.Ke2 Na4 53.Bd2 Nb6 54.Kf2 Nc4 55.Bc1 a5 56.Ke2 Kf5 57.bxa5 Nxa5
58.Bd2 Nc4 59.Bb4 Kg4 60.Be7 Kxh4 61.Kd3 Kg3 62.Bd6 Kg4 63.Be7 Kf3  0-1

[Event "XII Open"]
[Site "Sant Marti ESP"]
[Date "2010.07.16"]
[Round "4"]
[White "Rojas Keim,L"]
[Black "Aderito,P"]
[Result "1-0"]
[WhiteElo "2437"]
[BlackElo "2333"]

1.d4 Nf6 2.Bg5 Ne4 3.Bf4 c5 4.f3 Nf6 5.dxc5 Qa5+ 6.Nc3 Qxc5 7.Qd2 Nc6 8.e4 d6
9.O-O-O Be6 10.Nd5 Bxd5 11.exd5 Nb8 12.g4 a6 13.g5 Nfd7 14.Be3 Qc7 15.f4 Nb6
16.Bxb6 Qxb6 17.Bh3 Nd7 18.Bxd7+ Kxd7 19.h4 g6 20.Qc3 Rg8 21.Qh3+ Kd8 22.Ne2 Bg7
23.c3 Rc8 24.Rhe1 Kc7 25.Nd4 Kb8 26.Qe3 Ka8 27.Nc2 Qa5 28.Kb1 Bxc3 29.bxc3 Rxc3
30.Qd4 Rgc8 31.Qb4 Qc7 32.Nd4 Rc4 33.Qb2 Qd7 34.Ka1 R8c7 35.Rb1 Qa4 36.Nc6 e5  1-0

[Event "XII Open"]
[Site "Sant Marti ESP"]
[Date "2010.07.16"]
[Round "4"]
[White "Gonzalez Garcia,M"]
[Black "Perpinya Rofes,L"]
[Result "1/2-1/2"]
[WhiteElo "2255"]
[BlackElo "2344"]

1.d4 Nf6 2.Bg5 Ne4 3.Bf4 c5 4.f3 Qa5+ 5.c3 Nf6 6.d5 e6 7.e4 exd5 8.exd5 d6
9.Qd2 Be7 10.c4 Qxd2+ 11.Kxd2 b5 12.Ne2 O-O 13.Ng3 bxc4 14.Bxc4 Nfd7 15.Ne4 Nb6
16.b3 Rd8 17.Na3 Na6 18.Nb5 Nb4 19.Nc7 Bb7 20.Nxa8 Bxa8 21.Bg5 f6 22.Bh4 g5
23.Bg3 f5 24.Nc3 Bf6 25.a3 N4xd5 26.Nxd5 Bxd5 27.Rac1 Bd4 28.Rhf1 Kg7 29.Rc2 Bb7
30.Bf2 Be5 31.Bg3 Bd4 32.Bf2 Be5 33.Bg3 f4 34.Bf2 d5 35.Be2 c4 36.bxc4 Nxc4+
37.Bxc4 dxc4+ 38.Kc1 Rd3 39.Bc5 c3 40.Re1 Kf6 41.Rd1 Rxd1+ 42.Kxd1 a6 43.Bb4 Bd5
44.Rxc3  1/2-1/2

[Event "29th Jacques Lemans Open"]
[Site "St Veit SUI"]
[Date "2010.07.16"]
[Round "7"]
[White "Sucher,J"]
[Black "Mazi,L"]
[Result "0-1"]
[WhiteElo "2197"]
[BlackElo "2376"]

1.d4 Nf6 2.Bg5 Ne4 3.Bh4 c5 4.f3 g5 5.fxe4 gxh4 6.e3 Bh6 7.Qd3 Qb6 8.b3 Nc6
9.c3 a5 10.Nd2 a4 11.Ngf3 cxd4 12.exd4 axb3 13.Nxb3 h3 14.g3 d6 15.d5 Ne5
16.Nxe5 dxe5 17.Qb5+ Qxb5 18.Bxb5+ Bd7 19.Bxd7+ Kxd7 20.Nc5+ Kc7 21.a4 Ra7
22.a5 Kd6 23.Nd3 Rc8 24.Ra3 Rc4 25.O-O Be3+ 26.Kh1 f6 27.Re1 Bd2 28.Re2 Rxc3
29.Rxc3 Bxc3 30.Rc2 Bxa5 31.Nf2 Bb6 32.Nxh3 Ra1+ 33.Kg2 Re1 34.Rb2 Bd4 35.Rxb7 Rxe4
36.Ng1 Bxg1 37.Kxg1 Re2 38.Rb8 Kxd5 39.Rh8 Ke4 40.Rxh7 Kf3 41.Kf1 Ra2 42.Ke1 e4
43.Rh4 Ra1+ 44.Kd2 e3+ 45.Kd3 Rd1+  0-1

[Event "ZDMI Open"]
[Site "Dresden GER"]
[Date "2010.07.17"]
[Round "8"]
[White "Huettemann,R"]
[Black "Probst,Ale"]
[Result "1-0"]
[WhiteElo "2068"]
[BlackElo "2006"]

1.d4 Nf6 2.Bg5 Ne4 3.Be3 d5 4.f3 Nf6 5.Nd2 e6 6.g3 Nbd7 7.Bg2 c5 8.c3 Bd6
9.Nh3 b6 10.O-O Bb7 11.Bf2 O-O 12.e4 e5 13.dxe5 Bxe5 14.f4 Bb8 15.e5 Nxe5
16.fxe5 Bxe5 17.Nf3 Bd6 18.Be3 Re8 19.Bf4 Ng4 20.Nfg5 Nf6 21.Bxd6 Qxd6 22.Qc2 Re5
23.Rxf6 Qxf6 24.Qxh7+ Kf8 25.Rf1  1-0

[Event "I Open"]
[Site "Girona ESP"]
[Date "2010.07.17"]
[Round "5"]
[White "Mundet Riera,Jo"]
[Black "Saurina Suner,F"]
[Result "1-0"]
[WhiteElo "1893"]
[BlackElo "1895"]

1.d4 Nf6 2.Bg5 Ne4 3.Bf4 g5 4.Bc1 d5 5.f3 Nd6 6.Bxg5 Bg7 7.e3 c5 8.c3 cxd4
9.exd4 f6 10.Bh4 Nf5 11.Bf2 Qb6 12.Qc2 Qe6+ 13.Ne2 Bh6 14.Nd2 Be3 15.Bxe3 Nxe3
16.Qd3 Nc6 17.Kf2 Nf5 18.Ng3 Nd6 19.Re1 Qf7 20.Qc2 h5 21.Bd3 Rg8 22.Nf5 Bxf5
23.Bxf5 e5 24.Re2 Kf8 25.dxe5 fxe5 26.Bh3 Re8 27.Rhe1 Qc7 28.Qb3 d4 29.Ne4 Rg6
30.Qd5 Nf7 31.Qc5+ Kg7 32.Ng3 b6 33.Qd5 Rd8 34.Qe4 Ng5 35.Nxh5+ Kh7 36.Qh4 Kg8
37.Nf6+ Kg7 38.Ne4 Rh8 39.Qg3 Nxe4+ 40.Rxe4 Rxg3 41.hxg3 dxc3 42.bxc3 Rd8
43.R1e2 Qd6 44.Rg4+ Kf6 45.Rge4 Ke7 46.f4 Qc5+ 47.R4e3 Rf8 48.Bg4 Kd6 49.Rd2+ Kc7
50.f5 Rf6 51.Kf3 e4+ 52.Kxe4 Ne5 53.Rd5 Nxg4 54.Rxc5+ bxc5 55.Re2 Nh6 56.Rf2 Kb6
57.Rf4 Nf7 58.g4 Kb5 59.Kd3 c4+ 60.Ke4 a5 61.Ke3 a4 62.Rd4 Kc5 63.Kf4 Rh6
64.g5 Rh4+ 65.g4 Rh2 66.g6 Nh6 67.Kg5 Rxa2 68.Kxh6 Rh2+ 69.Kg5 a3 70.g7 a2
71.g8=Q a1=Q 72.Qxc4+  1-0

[Event "2nd Open"]
[Site "Rethymno GRE"]
[Date "2010.07.17"]
[Round "6"]
[White "Kekki,P"]
[Black "Tukhaev,A"]
[Result "1/2-1/2"]
[WhiteElo "2371"]
[BlackElo "2518"]

1.d4 Nf6 2.Bg5 Ne4 3.Bf4 d6 4.Nd2 Bf5 5.Nxe4 Bxe4 6.f3 Bg6 7.e4 e6 8.c3 Be7
9.Bb5+ c6 10.Ba4 O-O 11.Ne2 d5 12.e5 c5 13.O-O Nc6 14.a3 a6 15.Kh1 b5 16.Bc2 Bxc2
17.Qxc2 cxd4 18.cxd4 Rc8 19.Qd3 Qd7 20.Bd2 f6 21.exf6 Bxf6 22.a4 Qb7 23.b3 e5
24.axb5 axb5 25.Bc3 exd4 26.Nxd4 Ne5 27.Qd2 Qd7 28.Bb2 Rfe8 29.Rfd1 Rc5  1/2-1/2

[Event "ZDMI Open"]
[Site "Dresden GER"]
[Date "2010.07.18"]
[Round "9"]
[White "Marotzke,S"]
[Black "Schnepel,T"]
[Result "1-0"]
[WhiteElo "2026"]
[BlackElo "1916"]

1.d4 Nf6 2.Bg5 Ne4 3.Bf4 d5 4.Nf3 c5 5.c3 Nc6 6.e3 Bg4 7.h3 Bxf3 8.gxf3 Nf6
9.Nd2 e6 10.Qc2 cxd4 11.exd4 Rc8 12.Nb3 Be7 13.Qd2 O-O 14.O-O-O a5 15.Kb1 a4
16.Nc5 Na5 17.Nxa4 Nc4 18.Bxc4 Rxc4 19.b3 Rc6 20.Rhg1 Kh8 21.Be5 Rg8 22.Nb2 Nd7
23.Nd3 f6 24.Bf4 Qc8 25.Rc1 Ba3 26.Rc2 Be7 27.Re1 Nf8 28.Nb4 Bxb4 29.cxb4 Rxc2
30.Qxc2 Qxc2+ 31.Kxc2 Ng6 32.Bg3 Re8 33.Kd2 Kg8 34.Rc1 Re7 35.a4 f5 36.Bd6 Rd7
37.Rc8+ Kf7 38.Rc7 Ke8 39.Rc8+ Kf7 40.Rc7 Ke8 41.Rxd7 Kxd7 42.Be5 Nh4 43.Ke2 g6
44.Bf6 Ng2 45.Bg5 e5 46.dxe5 Ke6 47.Kf1 h6 48.Kxg2 hxg5 49.a5 Kxe5 50.b5 Kd6
51.a6 bxa6 52.bxa6 Kc6 53.b4 d4 54.Kf1 Kb6 55.b5  1-0

[Event "Andorra Open"]
[Site "La Massana AND"]
[Date "2010.07.19"]
[Round "3"]
[White "Ipatov,A ESP"]
[Black "Serrano Salvador,E"]
[Result "1-0"]
[WhiteElo "2507"]
[BlackElo "2359"]

1.d4 Nf6 2.Bg5 Ne4 3.Bf4 c5 4.f3 Qa5+ 5.c3 Nf6 6.d5 Qb6 7.e4 Qxb2 8.Nd2 Qxc3
9.Bc7 b6 10.Rb1 Ba6 11.Ne2 Qa5 12.Be5 d6 13.Bc3 Bxe2 14.Qc2 Qa6 15.Bxe2 Qc8
16.Qa4+ Nbd7 17.Ba6 Qd8 18.Bb7 Rb8 19.Bc6 Qc7 20.e5 dxe5 21.Nc4 Kd8 22.O-O Ne8
23.Nxe5 Nxe5 24.Bxe8 f6 25.f4 Nc4 26.Rfe1 Nd6 27.Bc6 a5 28.Rb2 Qa7 29.Re6 c4
30.Qxa5 Qxa5 31.Bxa5 Rc8  1-0

[Event "2nd Artemis Cup"]
[Site "Leros GRE"]
[Date "2010.07.19"]
[Round "8"]
[White "Mamedjarova,T"]
[Black "Zawadzka,J"]
[Result "1-0"]
[WhiteElo "2280"]
[BlackElo "2415"]

1.d4 Nf6 2.Bg5 Ne4 3.Bf4 d5 4.e3 Bf5 5.Bd3 e6 6.f3 Nf6 7.Bxf5 exf5 8.Qd3 Qd7
9.Nc3 Be7 10.Nge2 Nc6 11.a3 a6 12.Be5 Nh5 13.O-O-O f6 14.Bxc7 g6 15.g4 Ng7
16.Bg3 Bd8 17.e4 fxe4 18.fxe4 dxe4 19.Qxe4+ Ne7 20.h4 O-O 21.h5 Rc8 22.hxg6 hxg6
23.d5 f5 24.Qe3 fxg4 25.Qh6 Rf3 26.Be5 Nef5 27.Qxg6 Qe8 28.Rh8+  1-0

[Event "Aegean Open"]
[Site "Agios Kirykos GRE"]
[Date "2010.07.20"]
[Round "8"]
[White "Moradiabadi,E"]
[Black "Nikolaidis,K"]
[Result "1-0"]
[WhiteElo "2571"]
[BlackElo "2290"]

1.d4 Nf6 2.Bg5 Ne4 3.Bf4 c5 4.f3 Qa5+ 5.c3 Nf6 6.Nd2 cxd4 7.Nb3 Qb6 8.Qxd4 Nc6
9.Qxb6 axb6 10.e4 d6 11.Ne2 e5 12.Be3 Be6 13.Nd2 Nd7 14.Ng3 Nc5 15.Bc4 g6
16.Ke2 Kd7 17.Rhd1 Kc7 18.Ngf1 Be7 19.Bxc5 bxc5 20.Ne3 Bg5 21.Nd5+ Bxd5 22.Bxd5 Bxd2
23.Rxd2 f5 24.Rad1 Ne7 25.Be6 Rad8 26.h4 Rhf8 27.Ke3 Rf6 28.Bc4 fxe4 29.fxe4 Rdf8
30.a3 Nc8 31.Be2 Rf4 32.g3 Rf2 33.Bg4 Rxd2 34.Rxd2 Nb6 35.Be2 c4 36.Rc2 Kc6
37.Rc1 Kc5 38.Rd1 Rf6 39.Bg4 Rf8 40.Be6 Re8 41.Bh3 Rf8 42.Rd2 Rf6 43.Rd1 Rf7
44.Be6 Re7 45.Bg8 Rg7 46.b4+ Kc6 47.Be6 Re7 48.Bh3 Rf7 49.Bf1 Rf8 50.Be2 Rf6
51.Rd2 Rf8 52.Rd1 Rf6 53.h5 g5 54.a4 Nxa4 55.Bxc4 b5 56.Be2 Kb6 57.Rc1 Nb2
58.Bg4 h6 59.Ra1 Rf8 60.Be6 Re8 61.Bb3 Rf8 62.Be6 Re8 63.Bf5 Rf8 64.Bg4 Nc4+
65.Ke2 Nb2 66.Be6 Nc4 67.Ra2 Re8 68.Bd5 Rc8 69.Kd3 Rf8 70.Bxc4 bxc4+ 71.Kxc4 Rf3
72.Rd2 Kc6 73.Rd3 Rf2 74.b5+ Kd7 75.Rd1 Rh2 76.Ra1 Rxh5 77.Kd5 Rh3 78.Ra7+ Kc8
79.Kc6 Kd8 80.Kxd6 Kc8 81.Kc6  1-0

[Event "21st Czech Rapid Open"]
[Site "Pardubice CZE"]
[Date "2010.07.22"]
[Round "8"]
[White "Chernyshov,K"]
[Black "Zaslavsky,M"]
[Result "1/2-1/2"]
[WhiteElo "2578"]
[BlackElo "2413"]

1.d4 Nf6 2.Bg5 Ne4 3.Bf4 d5 4.Nd2 e6 5.Nxe4 dxe4 6.c3 Bd6 7.Bg3 O-O 8.e3 c5
9.Bc4 cxd4 10.Qxd4 Bxg3 11.hxg3 Qxd4 12.cxd4 Bd7 13.Ne2 Rc8 14.Bb3 Nc6 15.Nc3 Nb4
16.Kd2 Bc6 17.Bc2 e5 18.dxe5 Rd8+ 19.Kc1 Re8 20.a3 Nxc2 21.Kxc2 Rxe5 22.Rad1 h5
23.Rd2 Kf8 24.Rhd1 Rf5 25.b4 a5 26.Kb3 axb4 27.axb4 Ke7 28.Kb2 g6 29.Kb3 Ke6
30.Rd6+ Ke7 31.R1d2 Ra1 32.R6d4 Re5 33.Rd8 Rg1 34.Rb8 Kf6 35.b5 Bxb5 36.Rxb7 Bd3
37.f4 Ra5 38.Rb4 Kf5 39.Rb7 f6 40.Kb4 Raa1 41.Kc5 Rac1 42.Kd4 Rc2 43.Rxc2 Bxc2
44.Rb6 Rxg2 45.Nd5 Kg4 46.Rxf6 Kf3 47.f5 gxf5 48.Rxf5+ Kg4 49.Ke5 Rxg3 50.Nf6+ Kh3
51.Rxh5+ Kg2 52.Kd4 Kf3 53.Nd5 Rg8 54.Rh3+ Rg3 55.Rh8 Rg7 56.Rf8+ Ke2 57.Nc3+ Kd2
58.Rf2+ Kc1 59.Na2+ Kd1 60.Nb4 Rd7+ 61.Ke5 Bd3 62.Nd5 Ke1 63.Rh2 Rd8 64.Nf4 Re8+
65.Kd6 Rd8+ 66.Ke5 Re8+ 67.Kd4 Rd8+ 68.Nd5 Ra8 69.Rb2 Rd8 70.Ke5 Re8+ 71.Kf5 Rf8+
72.Nf6 Kd1 73.Ke5 Ke1 74.Rh2 Ra8 75.Kd4 Rd8+ 76.Nd5 Ra8  1/2-1/2

[Event "Andorra Open"]
[Site "La Massana AND"]
[Date "2010.07.23"]
[Round "7"]
[White "Panelo,M"]
[Black "Givon,A"]
[Result "1/2-1/2"]
[WhiteElo "2450"]
[BlackElo "2194"]

1.d4 Nf6 2.Bg5 Ne4 3.Bf4 c5 4.d5 Qb6 5.Bc1 e5 6.Nf3 d6 7.Nfd2 Nxd2 8.Nxd2 f5
9.e4 Be7 10.Nc4 Qc7 11.f4 fxe4 12.fxe5 O-O 13.e6 Nc6 14.Qg4 Nd4 15.Qxe4 Bxe6
16.dxe6 d5 17.Qe5 Qc6 18.Ne3 Rf6 19.Bd3 Rxe6 20.Qh5 g6 21.Qg4 h5 22.Qh3 c4
23.Bxg6 Rxg6 24.c3 Ne6 25.Rf1 d4 26.Qxh5 Ng7 27.Qd5+ Qxd5 28.Nxd5 Bc5 29.Nf6+ Kh8
30.g4 Ne6 31.h4 Be7 32.g5 Bxf6 33.Rxf6 Rxf6 34.gxf6 Rg8 35.cxd4 Rg1+ 36.Kf2 Rd1
37.d5 Rxd5 38.Be3 a6 39.Kf3 Kg8 40.Bf4 Rh5 41.Rg1+ Kf7 42.Bg5 Rh8 43.Rd1 Kg6
44.Rd6 Nxg5+ 45.hxg5 Kxg5 46.Rb6 Rh7 47.a4 Rd7 48.Ke4 Kg6 49.a5 Kf7 50.Rb4 Rc7
51.Kd5 Rc6  1/2-1/2

[Event "MTO"]
[Site "Biel SUI"]
[Date "2010.07.24"]
[Round "6"]
[White "Cebalo,M"]
[Black "Duschek,V"]
[Result "1-0"]
[WhiteElo "2500"]
[BlackElo "2269"]

1.d4 Nf6 2.Bg5 Ne4 3.Bf4 c5 4.f3 Qa5+ 5.c3 Nf6 6.d5 d6 7.e4 g6 8.Na3 Bg7
9.Nc4 Qd8 10.a4 O-O 11.Qd2 e6 12.dxe6 Bxe6 13.Qxd6 Nfd7 14.Nh3 Nc6 15.Nf2 Na5
16.Nxa5 Qxa5 17.Bb5 Rfd8 18.O-O c4 19.Qc7 Qxc7 20.Bxc7 Rdc8 21.Bd6 Nc5 22.Bxc5 Rxc5
23.Rfd1 Rc7 24.a5 a6 25.Ba4 Rb8 26.Kf1 h5 27.g3 Bf8 28.h4 Bc5 29.Ke2 Kf8
30.Rd2 Ke7 31.Nd1 Bd6 32.Kf2 Rc5 33.Bc2 Bc7 34.Ne3 Bxa5 35.f4 Bb6 36.Kf3 Rb5
37.Ra2 Bxe3 38.Kxe3 Rc8 39.Bd1 Rbc5 40.Bf3 R8c6 41.Rd4 Rb6 42.Kd2 Rcb5 43.Kc2 Rc5
44.Be2 Rbc6 45.Ra1 Rb6 46.Rb1 Rbc6 47.Rbd1 b5 48.Rd8 Rb6 49.Ra8 b4 50.Ra7+ Ke8
51.Rd4 bxc3 52.bxc3 Rbc6 53.Rd1 Rb6 54.Kd2 Ra5 55.Ke3 Ra2 56.f5 gxf5 57.exf5 Rxe2+
58.Kxe2 Bxf5 59.Rd5 Re6+ 60.Kf2 Bg4 61.Rd2 Kf8 62.Rc7 Rf6+ 63.Kg2 Be6 64.Rc5 Rh6
65.Rd4 Kg7 66.Kf2 Rh8 67.Rg5+ Kf6 68.Ra5 Rb8 69.Rxa6 Rb2+ 70.Ke3 Rg2 71.Kf3 Rc2
72.Rxc4 Kg7 73.Rc5 Bg4+ 74.Ke3 Re2+ 75.Kd3 Rg2 76.Rg5+ Kf8 77.Ra8+ Ke7 78.Re5+ Kd6
79.Re3 Bf5+ 80.Kc4 Be6+ 81.Kd4  1-0

[Event "Andorra Open"]
[Site "La Massana AND"]
[Date "2010.07.25"]
[Round "9"]
[White "Panelo,M"]
[Black "Gonzalez Vidal,Y"]
[Result "0-1"]
[WhiteElo "2450"]
[BlackElo "2522"]

1.d4 Nf6 2.Bg5 Ne4 3.Bf4 e6 4.Nd2 d5 5.Nxe4 dxe4 6.Qd2 Bd6 7.O-O-O b6 8.f3 Bb7
9.Nh3 Nd7 10.fxe4 Bxe4 11.Ng5 Bb7 12.e4 h6 13.Nxf7 Kxf7 14.e5 Be7 15.d5 Bxd5
16.Bb5 a6 17.Be2 Rf8 18.c4 Kg8 19.cxd5 Rxf4 20.Kb1 Qf8 21.d6 cxd6 22.exd6 Bg5
23.Qc2 Nc5 24.h4 Bf6 25.g4 Rb4 26.b3 Ne4 27.Rh3 Rc8  0-1

[Event "Tch-POR 1st Div Final"]
[Site "Vila Nova de Gaia POR"]
[Date "2010.07.25"]
[Round "2.2"]
[White "Novais,C"]
[Black "Suarez Real,A"]
[Result "0-1"]
[WhiteElo "2011"]
[BlackElo "2395"]

1.d4 Nf6 2.Bg5 Ne4 3.Bf4 c5 4.f3 Qa5+ 5.c3 Nf6 6.Nd2 cxd4 7.Nb3 Qb6 8.Qxd4 Nc6
9.Qxb6 axb6 10.e4 d5 11.exd5 Nxd5 12.Bd2 e5 13.a3 Be6 14.Nc1 Be7 15.Bd3 O-O
16.Nge2 f5 17.Ng3 Bc5 18.Bc4 Rae8 19.Nd3 Nf4 20.Bxe6+ Rxe6 21.Nxc5 bxc5 22.O-O c4
23.Bxf4 exf4 24.Nh1 Rfe8 25.g3 Ne5 26.Rad1 Nd3 27.Nf2 Nxb2 28.Rd4 fxg3 29.hxg3 b5
30.Rd5 Re5 31.Rd4 Na4 32.Nd1 g6 33.f4 Re2 34.Rf2 Rxf2 35.Kxf2 Nc5 36.Rd5 Ne4+
37.Kf3 Rb8 38.Rd4 Ra8  0-1

[Event "21st Czech GM Open"]
[Site "Pardubice CZE"]
[Date "2010.07.26"]
[Round "4"]
[White "Kireev,Al"]
[Black "Stocek,J"]
[Result "0-1"]
[WhiteElo "2355"]
[BlackElo "2587"]

1.d4 Nf6 2.Bg5 Ne4 3.Be3 d5 4.Nd2 Nd6 5.Bf4 Nc6 6.Ngf3 Bf5 7.c3 f6 8.e3 g5
9.Bg3 h5 10.h3 e6 11.Be2 Qd7 12.a3 Bg6 13.Bxd6 Bxd6 14.c4 dxc4 15.Nxc4 O-O-O
16.Nxd6+ Qxd6 17.Bd3 Bxd3 18.Qxd3 g4 19.Nd2 e5 20.Qf5+ Kb8 21.hxg4 hxg4 22.Rxh8 Rxh8
23.O-O-O exd4 24.Ne4 Qe5 25.Qxf6 dxe3 26.Qxe5 Nxe5 27.fxe3 b6 28.Nf6 Rh2
29.Nd7+ Nxd7 30.Rxd7 Rxg2 31.Rg7 g3 32.e4 Kb7 33.e5 Kc6 34.e6 Kd6 35.e7 Kd7
36.Kb1 c5 37.a4 c4 38.Rg4 Kxe7 39.Rxc4 Re2 40.Rg4 g2 41.Ka2 Kf6  0-1

[Event "TCh-MNE Premier League"]
[Site "Cetinje MNE"]
[Date "2010.07.27"]
[Round "4"]
[White "Milovic,J"]
[Black "Rabrenovic,M"]
[Result "1-0"]
[WhiteElo "2311"]
[BlackElo "2278"]

1.d4 Nf6 2.Bg5 Ne4 3.Bf4 d5 4.Nd2 Bf5 5.Nxe4 Bxe4 6.f3 Bg6 7.h4 h6 8.h5 Bh7
9.e3 e6 10.Bd3 Bxd3 11.Qxd3 c5 12.Ne2 c4 13.Qd2 Nc6 14.e4 Be7 15.e5 b5 16.g4 a5
17.Kf2 Qb6 18.Kg3 a4 19.b3 cxb3 20.cxb3 axb3 21.axb3 Kd7 22.Be3 Ra6 23.Rxa6 Qxa6
24.f4 Qa5 25.Qxa5 Nxa5 26.Rb1 Bb4 27.f5 Nc6 28.Rf1 exf5 29.gxf5 Rg8 30.Nf4 Ne7
31.Nd3 Bc3 32.Kf4 g5+ 33.hxg6 fxg6 34.f6 Rf8 35.Nc5+ Ke8 36.Ne6 Rf7 37.Nc7+ Kf8
38.Nxb5 Ng8 39.Nxc3 Nxf6 40.Rc1 Ne4+ 41.Kg4 h5+ 42.Kh4  1-0

[Event "Tch-POR 1st Div Final"]
[Site "Vila Nova de Gaia POR"]
[Date "2010.07.27"]
[Round "4.7"]
[White "Novais,C"]
[Black "Rosario,J"]
[Result "1/2-1/2"]
[WhiteElo "2011"]
[BlackElo "1970"]

1.d4 Nf6 2.Bg5 Ne4 3.Bf4 c5 4.f3 Nf6 5.dxc5 Qa5+ 6.Nc3 Qxc5 7.Qd2 d6 8.O-O-O a6
9.e4 Nbd7 10.g4 Qa5 11.Kb1 b5 12.g5 b4 13.Nce2 Nh5 14.Be3 Ne5 15.Nc1 Be6
16.Nb3 Qa4 17.Qg2 Rb8 18.f4 Nc4 19.Bc1 Rb5 20.e5 Ra5 21.Qa8+ Kd7 22.Qb7+ Ke8
23.Qa8+ Kd7 24.Qb7+ Ke8 25.Qa8+  1/2-1/2

[Event "TCh-MNE Premier League"]
[Site "Cetinje MNE"]
[Date "2010.07.28"]
[Round "5"]
[White "Kosic,D"]
[Black "Mrsevic,M"]
[Result "1-0"]
[WhiteElo "2512"]
[BlackElo "2304"]

1.d4 Nf6 2.Bg5 Ne4 3.Bf4 e6 4.Nd2 Nxd2 5.Qxd2 d5 6.e3 Bd6 7.Bg3 b6 8.Bd3 O-O
9.e4 Ba6 10.Nf3 c5 11.dxc5 bxc5 12.c3 Bb7 13.exd5 exd5 14.O-O-O Nc6 15.Bxh7+ Kxh7
16.Qxd5 Be5 17.Qxc5 Qb6 18.Qxb6 axb6 19.Nxe5 Rxa2 20.Nd7 Rfa8 21.Nxb6 Na5
22.Nxa8 Be4 23.Kd2 Nc4+ 24.Ke2 Rxb2+ 25.Kf1 Bxa8 26.Bf4 Kg6 27.h4 Kf5 28.h5 Be4
29.Rh4 g5 30.hxg6 fxg6 31.Bc1 Rc2 32.Rf4+ Ke5 33.Re1 Nd6 34.f3 Rxc1 35.Rxe4+ Nxe4
36.Rxc1  1-0

[Event "3rd Open"]
[Site "Paleochora GRE"]
[Date "2010.07.28"]
[Round "8"]
[White "Smirnov,Arte"]
[Black "Iordachescu,V"]
[Result "0-1"]
[WhiteElo "2446"]
[BlackElo "2623"]

1.d4 Nf6 2.Bg5 Ne4 3.Bf4 d5 4.e3 c5 5.Bd3 cxd4 6.exd4 Nc6 7.Ne2 Bf5 8.O-O e6
9.c3 Bg6 10.Nc1 Bd6 11.Bxd6 Nxd6 12.Nd2 b5 13.Ndb3 b4 14.cxb4 Nxb4 15.Nc5 O-O
16.a3 Nxd3 17.N1xd3 Qb6 18.b4 Rfc8 19.Ne5 a5 20.bxa5 Qxa5 21.h4 Qc3 22.a4 Bc2
23.Qg4 Nf5 24.Ncd7 Ra7 25.Rac1 Qxd4 26.Qh5 g6 27.Qe2 Rac7 28.Nf3 Qb2 29.Nfe5 Qb4
30.g4 Nd4 31.Qe3 Rxd7 32.Nxd7 Rc3 33.Nf6+ Kg7 34.Nh5+ gxh5 35.Qg5+ Bg6  0-1

[Event "Brunei Inv IM"]
[Site "Bandar Seri Begawan BRU"]
[Date "2010.07.29"]
[Round "7"]
[White "Duong The Anh"]
[Black "Vakhidov,N"]
[Result "1-0"]
[WhiteElo "2415"]
[BlackElo "2134"]

1.d4 Nf6 2.Bg5 Ne4 3.Bf4 c5 4.f3 Qa5+ 5.c3 Nf6 6.d5 Qb6 7.Bc1 g6 8.e4 d6
9.Nd2 Bg7 10.Nc4 Qc7 11.a4 O-O 12.Ne2 Nbd7 13.Ng3 Nb6 14.Na3 Bd7 15.Bb5 a6
16.Bxd7 Nbxd7 17.c4 h5 18.O-O Rfe8 19.Bd2 h4 20.Ne2 Nh5 21.Rb1 e5 22.dxe6 Rxe6
23.Nc2 Ne5 24.Ne3 Rae8 25.Qc2 Nc6 26.Bc3 Be5 27.Nd5 Qd8 28.Rbe1 Ne7 29.Ne3 Nc6
30.Ng4 Qg5 31.Bd2 Nf4 32.Bxf4 Bxf4 33.Nc3 Nd4 34.Qd3 f5 35.Nf2 Qd8 36.Nd5 Bh6
37.b4 b6 38.Rb1 fxe4 39.Nxe4 h3 40.bxc5 dxc5 41.Rb2 Bg7 42.Rd2 Bh6 43.Rdf2 Kh8
44.gxh3 Nxf3+ 45.Rxf3 Rxe4 46.Kh1 Bg7 47.Rg3 Qd6 48.Rfg1 R8e6 49.Rxg6 Rxg6
50.Qxe4 Rxg1+ 51.Kxg1 Qh6 52.Kg2 Qg5+ 53.Kf3 Qg1 54.Qh4+ Kg8 55.Qd8+ Kh7
56.Qh4+ Kg8 57.Qf2 Qg5 58.Qe3 Qf5+ 59.Nf4 Qd7 60.Qe6+ Qxe6 61.Nxe6 Be5 62.Ke4 Bxh2
63.Kd5 Kf7 64.Ng5+ Kf6 65.Nf3 Bc7 66.Kc6 Bd8 67.Kd7 Be7 68.Kc7 b5 69.cxb5 axb5
70.axb5 Ke6 71.Kc6 c4 72.b6 Bd6 73.Nd4+ Ke5 74.Nb5 Ke6 75.Nxd6 c3 76.Nb5  1-0

[Event "1st Grafica Yael"]
[Site "Torre Blanca ARG"]
[Date "2010.07.29"]
[Round "6"]
[White "Zapata Ferrada,M"]
[Black "Bassan,R"]
[Result "1-0"]
[WhiteElo "2378"]
[BlackElo "2160"]

1.d4 Nf6 2.Bg5 Ne4 3.Bf4 d5 4.f3 Nf6 5.Nc3 Bf5 6.g4 Bg6 7.h4 h6 8.e3 e6 9.Nge2 c5
10.Qd2 Nc6 11.a3 a6 12.Bg3 Bd6 13.Bxd6 Qxd6 14.Nf4 cxd4 15.exd4 Bxc2 16.Nce2 Bb3
17.Kf2 Rc8 18.Rc1 Ke7 19.Ng3 g6 20.Qe3 Bc4 21.h5 Kd7 22.hxg6 e5 23.dxe5 Nxe5
24.Bh3 fxg6 25.g5+ Nfg4+ 26.Bxg4+ Nxg4+ 27.fxg4 Rcf8 28.Nf5 gxf5 29.g6 fxg4
30.Kg3 Re8 31.Qd2 Rhf8 32.Rce1 Rxe1 33.Rxe1 h5 34.g7 h4+ 35.Kxg4 Rg8 36.Qd4 Qh6
37.Nh5 h3 38.Nf6+ Kd6 39.Qb6+  1-0

[Event "TCh-MNE Premier League"]
[Site "Cetinje MNE"]
[Date "2010.07.30"]
[Round "7"]
[White "Kosic,D"]
[Black "Konjevic,Djordje"]
[Result "1/2-1/2"]
[WhiteElo "2512"]
[BlackElo "2304"]

1.d4 Nf6 2.Bg5 Ne4 3.Bf4 d5 4.e3 g6 5.Bd3 Nd6 6.Nc3 c6 7.h4 Bf5 8.Be5 Rg8
9.h5 Bxd3 10.cxd3 Nd7 11.hxg6 hxg6 12.Nf3 Nf5 13.g4 Ng7 14.Bg3 Ne6 15.b4 Bg7
16.Rb1 b5 17.a4 a5 18.axb5 axb4 19.bxc6 bxc3 20.cxd7+ Qxd7 21.Qb3 Rc8 22.Ke2 f5
23.gxf5 gxf5 24.Be5 Bf6 25.Rbc1 Qc6 26.Rc2 f4 27.Rhc1 Qd7 28.Rxc3 Rxc3 29.Qxc3 fxe3
30.fxe3 Kf7 31.Rf1 Rg2+ 32.Ke1 Qa4 33.Rf2 Rg8 34.Bxf6 exf6 35.Ne5+ Ke7 36.Nc6+ Kf7
37.Ne5+ Ke7 38.Nc6+ Kf7 39.Ne5+ Ke7 40.Nf3 Rb8 41.Nd2 Rh8 42.Qb3 Qa1+ 43.Ke2 Qa8
44.Qb4+ Kf7 45.Qd6 Qd8 46.Qg3 Qg8 47.Nf1 Qxg3 48.Nxg3 Rh3 49.Kf3 Rh8 50.Ra2 Rd8
51.Ra7+ Kg6 52.Ne2 Kf5 53.Ra6 Ng5+ 54.Kf2 Rh8 55.Nf4 Nh3+ 56.Nxh3 Rxh3 57.Rd6 Kg5
58.Ke2 Rh2+ 59.Kd1 f5 60.Rxd5 Kg4 61.Re5 Kf3 62.d5 f4 63.exf4 Kxf4 64.Re4+ Kf5
65.d6 Rh6 66.Rd4 Rh8 67.d7 Rd8 68.Kd2 Ke6 69.Ke3 Rxd7 70.Rxd7 Kxd7 71.Kf4 Kd6
72.Ke4 Ke6  1/2-1/2

[Event "Politiken Cup"]
[Site "Copenhagen DEN"]
[Date "2010.07.31"]
[Round "1"]
[White "Kopperberg,Steen"]
[Black "Molvig,H"]
[Result "0-1"]
[WhiteElo "1798"]
[BlackElo "2179"]

1.d4 Nf6 2.Bg5 Ne4 3.Bf4 c5 4.f3 Nf6 5.dxc5 Qa5+ 6.Qd2 Qxc5 7.e4 d6 8.Be3 Qc7
9.Nc3 a6 10.Nd5 Nxd5 11.exd5 e5 12.dxe6 Bxe6 13.Ne2 Nd7 14.Nd4 Be7 15.Nxe6 fxe6
16.Bd3 Ne5 17.O-O O-O 18.Rad1 Rac8 19.c3 Nxd3 20.Qxd3 Qc4 21.Qxc4 Rxc4 22.Rd4 Rxd4
23.Bxd4 Rc8 24.Rd1 Kf7 25.Be3 Rc4 26.Rd4 Rxd4 27.Bxd4 b5 28.Kf2 e5 29.Be3 d5
30.Ke2 b4 31.cxb4 Bxb4 32.a3 Bd6 33.Bb6 Ke6 34.g4 Kd7 35.Kd3 Kc6 36.Be3 Kb5
37.h4 g6 38.Bd2 h5 39.Be1 Ka4 40.Kc3 Bc5 41.gxh5 gxh5 42.Bg3 Bd4+ 43.Kc2 e4
44.fxe4 dxe4 45.Bd6 Bf2 46.b3+ Kb5 47.a4+ Kc6 48.Be7 Kd7 49.Bg5 Ke6 50.b4 Kd5
51.b5 axb5 52.axb5 Kc4 53.Kd2 Kxb5 54.Ke2 Bd4 55.Be7 Kc4 56.Bg5 Kd5 57.Bd8 Ke6
58.Ba5 Kf5 59.Be1 Kg4 60.Kf1 Bf6 61.Ke2 Bxh4 62.Bb4 Bg3 63.Kf1 Kf3  0-1

[Event "Politiken Cup"]
[Site "Copenhagen DEN"]
[Date "2010.07.31"]
[Round "1"]
[White "Rasmussen,M1"]
[Black "Veng,J"]
[Result "0-1"]
[WhiteElo "1869"]
[BlackElo "2294"]

1.d4 Nf6 2.Bg5 Ne4 3.Bf4 c5 4.f3 Qa5+ 5.c3 Nf6 6.d5 e6 7.e4 Qb6 8.b3 exd5
9.exd5 Bd6 10.Be3 O-O 11.Qd2 Re8 12.Kf2 Qa5 13.c4 Qc7 14.g3 Rxe3 15.Qxe3 Be5
16.Nc3 Bd4  0-1

[Event "TCh-MNE Premier League"]
[Site "Cetinje MNE"]
[Date "2010.08.01"]
[Round "9"]
[White "Milovic,J"]
[Black "Djukanovic,S"]
[Result "1-0"]
[WhiteElo "2311"]
[BlackElo "2290"]

1.d4 Nf6 2.Bg5 Ne4 3.h4 d5 4.Nd2 Bf5 5.e3 h6 6.Bf4 e6 7.f3 Nxd2 8.Qxd2 Be7
9.h5 O-O 10.g4 Bh4+ 11.Kd1 Bh7 12.Qh2 Bf6 13.Bxc7 Qd7 14.c3 Rc8 15.Be5 Be7
16.Nh3 b5 17.a3 a6 18.Rg1 Nc6 19.g5 hxg5 20.Nxg5 f6 21.Nxh7 Kxh7 22.Qg3 g5
23.hxg6+ Kg7 24.Rh1 Rh8 25.Rh7+ Rxh7 26.gxh7+ Kh8  1-0